| 000 | 00372nam a22001457a 4500 | ||
|---|---|---|---|
| 008 | 250507b |||||||| |||| 00| 0 eng d | ||
| 020 | _a0073655988 | ||
| 050 |
_aT 353 _b.B45 |
||
| 100 | _a Gary R. Bertoline, | ||
| 245 | _aTechnical graphics communication | ||
| 250 | _a3rd ed. | ||
| 260 |
_aBoston _bMcGraw-HilI _c2003 |
||
| 300 | _a1 v. (various pagings), | ||
| 942 | _cBK | ||
| 999 |
_c3359 _d3359 |
||